000
00182 a2200097 4500
020
_a
9780153150814
041
_a
spa
100
_a
Harcourt
245
_a
Vamos de fiesta!
942
_c
BK
999
_c
11038
_d
11038